[Event "Moscow Botvinnik Cup U14 Girls"]
[Site "Moscow"]
[Date "2021.08.24"]
[Round "9"]
[White "Talant, Aruuke"]
[Black "Muradyan, Anahit"]
[Result "1/2-1/2"]
[WhiteElo "1123"]
[BlackElo "1492"]
[PlyCount "112"]
[EventDate "2021.08.19"]
[EventType "tourn"]
[EventRounds "9"]
[EventCountry "RUS"]
[SourceTitle "CBM 204 Extra"]
[Source "ChessBase"]
[SourceDate "2021.11.30"]
[SourceVersion "1"]
[SourceVersionDate "2021.11.30"]
[SourceQuality "1"]

1. e4 e6 2. d4 d5 3. Nc3 Bb4 4. exd5 exd5 5. Qf3 c5 6. Bb5+ Bd7 7. Bxd7+ Qxd7 8. Nge2 Nc6 9. 0-0 Nge7 10. Rd1 cxd4 11. Nxd4 Nxd4 12. Rxd4 Bxc3 13. Qxc3 Rc8 14. Qd3 0-0 15. Bf4 Qc6 16. c3 Qb6 17. Rb4 Qc6 18. Be3 b6 19. Rh4 Ng6 20. Rh5 Qc4 21. Rxd5 Qxd3 22. Rxd3 Ne5 23. Rd4 Nc4 24. Rb1 Rfd8 25. Rxd8+ Rxd8 26. Bd4 Re8 27. b3 Na3 28. Rd1 h6 29. Kf1 Nb5 30. c4 Nxd4 31. Rxd4 Re7 32. b4 f6 33. a4 Kf7 34. h4 h5 35. g4 hxg4 36. Rxg4 Rd7 37. Ke2 f5 38. Rf4 Kf6 39. Ke3 Ke5 40. h5 Rd1 41. Rh4 Rb1 42. c5 bxc5 43. bxc5 Rc1 44. h6 gxh6 45. Rxh6 Rc3+ 46. Kd2 Rxc5 47. Ra6 Rc7 48. Kd3 Kf4 49. Ra5 Kg4 50. Rd5 Re7 51. Rd4+ f4 52. a5 Re5 53. a6 Re6 54. Ra4 Kf3 55. Kc3 Rf6 56. Kd4 Re6 1/2-1/2

[Event "Moscow Botvinnik Cup U14 Girls"]
[Site "Moscow"]
[Date "2021.08.23"]
[Round "8"]
[White "Ter Avetisjana, Agnesa Stepania"]
[Black "Talant, Aruuke"]
[Result "1-0"]
[WhiteElo "1810"]
[BlackElo "1123"]
[PlyCount "121"]
[EventDate "2021.08.19"]
[EventType "tourn"]
[EventRounds "9"]
[EventCountry "RUS"]
[SourceTitle "CBM 204 Extra"]
[Source "ChessBase"]
[SourceDate "2021.11.30"]
[SourceVersion "1"]
[SourceVersionDate "2021.11.30"]
[SourceQuality "1"]

1. e4 c6 2. Nf3 d5 3. exd5 cxd5 4. Ne5 Nf6 5. d4 a6 6. c3 Bd7 7. Qb3 Qc7 8. Bf4 Qc8 9. Bd3 Nc6 10. Nd2 e6 11. Ndf3 Ne4 12. Nxd7 Qxd7 13. Bxe4 dxe4 14. Nd2 Na5 15. Qb6 Qd5 16. Bc7 Nc6 17. Qxb7 Nb4 18. Qxd5 Nd3+ 19. Ke2 exd5 20. Rab1 Rc8 21. Bg3 h5 22. f3 h4 23. Be5 f5 24. fxe4 fxe4 25. Rhf1 Rh5 26. Bf4 Rf5 27. Be3 Rxf1 28. Nxf1 Be7 29. g3 h3 30. Bd2 Kd7 31. Ne3 Ke6 32. b3 Rf8 33. Rf1 Rxf1 34. Kxf1 Bg5 35. Ke2 Bxe3 36. Bxe3 g6 37. Bd2 Kf5 38. c4 dxc4 39. bxc4 Nb2 40. c5 Na4 41. Bb4 Nb2 42. c6 Nc4 43. c7 Nb6 44. Bc5 Nc8 45. Ke3 Ke6 46. Kxe4 Kd7 47. Kf4 Kxc7 48. Kg5 Nd6 49. Bxd6+ Kxd6 50. Kxg6 Kd5 51. Kf5 Kxd4 52. Kg4 Kc3 53. Kxh3 Kb2 54. g4 Kxa2 55. g5 a5 56. g6 a4 57. g7 a3 58. g8Q+ Ka1 59. Kg3 a2 60. h4 Kb2 61. Qxa2+ 1-0